Pointing the way with puppets. (Record no. 10028)

000 -LEADER
fixed length control field 00588nam a2200181 a 4500
001 - CONTROL NUMBER
control field :::00007813$&:&@@
003 - CONTROL NUMBER IDENTIFIER
control field OkBaRHE
005 - DATE AND TIME OF LATEST TRANSACTION
control field 20000607103339.0
008 - FIXED-LENGTH DATA ELEMENTS--GENERAL INFORMATION
fixed length control field s1981 j 000 0 eng u
040 ## - CATALOGING SOURCE
Transcribing agency
100 1# - MAIN ENTRY--PERSONAL NAME
Personal name Zabriskie, Pat.
245 10 - TITLE STATEMENT
Title Pointing the way with puppets.
260 ## - PUBLICATION, DISTRIBUTION, ETC. (IMPRINT)
Place of publication, distribution, etc Springfield, MO., :
Name of publisher, distributor, etc Gospel Publishing House
Date of publication, distribution, etc c1981
300 ## - PHYSICAL DESCRIPTION
Extent 77 p. : illus. ;
Dimensions 22 cm.
650 ## - SUBJECT ADDED ENTRY--TOPICAL TERM
Topical term or geographic name as entry element Puppets and Puppet-plays in Christian Education
942 ## - ADDED ENTRY ELEMENTS (KOHA)
Source of classification or shelving scheme
Koha item type Books
Copies
Copy number Price effective from Barcode Date last seen Not for loan Source of classification or shelving scheme Withdrawn status Koha item type Lost status Date acquired Damaged status Full call number Permanent Location Shelving location
12010-04-1478132010-04-14   Books 2010-04-14 BV 1535.9 .Z3RHEMA Bible Training CollegeGeneral Stacks